[Event "Budapest Statisztika IM"]
[Site "Budapest"]
[Date "1992.??.??"]
[Round "2"]
[White "Foldi, Istvan"]
[Black "Petran, Pal"]
[Result "0-1"]
[WhiteElo "2325"]
[BlackElo "2470"]
[EventDate "1992.??.??"]
[PlyCount "68"]

1.e4 e5 2.Nf3 Nc6 3.d4 exd4 4.Nxd4 Bc5 5.Nf5 d5 6.Nxg7+ Kf8 7.Nh5 Qh4 8.
Ng3 Nf6 9.Be2 dxe4 10.O-O Be6 11.Be3 Bxe3 12.fxe3 Nd5 13.Qd2 Qg5 14.Nf5 
Rg8 15.Rf2 Rd8 16.h4 Qg6 17.Nd4 Nf4 18.exf4 Nxd4 19.Qe3 f5 20.Nc3 Qg3 21.
Nd1 Qxh4 22.c3 Rg3 23.Qc1 Nxe2+ 24.Rxe2 Kf7 25.Ne3 Qxf4 26.Qe1 Qg5 27.Nf1 
Rg4 28.Qf2 b6 29.Nh2 Rf4 30.Qe3 Rd3 31.Nf3 exf3 32.Qxe6+ Kg7 33.Qe5+ Kh6 
34.Rf2 Rg4 0-1

[Event "Budapest Statisztika IM"]
[Site "Budapest"]
[Date "1992.??.??"]
[Round "2"]
[White "Hohler, Peter"]
[Black "Koerholz, Ludger"]
[Result "0-1"]
[WhiteElo "2295"]
[BlackElo "2255"]
[EventDate "1992.??.??"]
[PlyCount "116"]

1.c4 Nf6 2.Nc3 g6 3.g3 Bg7 4.Bg2 O-O 5.d4 c5 6.Nf3 Nc6 7.O-O d6 8.h3 cxd4 
9.Nxd4 Nxd4 10.Qxd4 Be6 11.Qh4 Qd7 12.Bd2 Rfc8 13.b3 d5 14.Rad1 dxc4 15.
Bf4 Qe8 16.Bxb7 Rc5 17.g4 cxb3 18.Bxa8 Qxa8 19.Qg3 bxa2 20.Nxa2 Bxa2 21.
Qa3 Rc2 22.Qa5 Nd5 23.e4 Nb6 24.Be3 Bc3 25.Qa3 Qxe4 26.Qxa7 Bd5 27.Rxd5 
Nxd5 28.Bh6 f6 29.Qb8+ Kf7 30.Qf8+ Ke6 31.Qc8+ Ke5 32.Qb8+ Kd4 33.Rd1+ Kc4
34.Qc8+ Kb3 35.Qb7+ Bb4 36.Qxd5+ Qxd5 37.Rxd5 g5 38.h4 gxh4 39.Be3 Rc4 40.
f3 Rc3 41.Kf2 Rc2+ 42.Kg1 Re2 43.Bb6 Bd6 44.Rh5 Bg3 45.Rxh7 Kc4 46.Rh5 Rb2
47.Ba7 Kd3 48.Rh7 Ke2 49.Kg2 Ke1+ 50.Kg1 Bh2+ 51.Kh1 Bg3 52.Kg1 e6 53.Rh6 
e5 54.Bc5 Rh2 55.Rxf6 h3 56.Rh6 Ke2 57.Rf6 Rg2+ 58.Kh1 Kf1 0-1

[Event "Budapest Statisztika IM"]
[Site "Budapest"]
[Date "1992.??.??"]
[Round "2"]
[White "Izsak, Gyula"]
[Black "Kiss, Pal"]
[Result "1/2-1/2"]
[WhiteElo "2330"]
[BlackElo "2410"]
[EventDate "1992.??.??"]
[PlyCount "33"]

1.d4 d5 2.Nf3 Nf6 3.c4 c6 4.Nc3 e6 5.cxd5 exd5 6.Bg5 Be7 7.Qc2 g6 8.e3 Bf5
9.Bd3 Bxd3 10.Qxd3 Nbd7 11.O-O O-O 12.Rab1 a5 13.Rfc1 Re8 14.Bf4 Bf8 15.
Bg5 Be7 16.Bf4 Bf8 17.Bg5 1/2-1/2

[Event "Budapest Statisztika IM"]
[Site "Budapest"]
[Date "1992.??.??"]
[Round "3"]
[White "Almasi, Istvan"]
[Black "Foldi, Istvan"]
[Result "1/2-1/2"]
[WhiteElo "2350"]
[BlackElo "2325"]
[EventDate "1992.??.??"]
[PlyCount "69"]

1.e4 c5 2.Nf3 d6 3.d4 cxd4 4.Nxd4 Nf6 5.Nc3 a6 6.Bc4 e6 7.O-O Be7 8.Bb3 
Nc6 9.Be3 O-O 10.f4 Bd7 11.Kh1 Rc8 12.f5 e5 13.Nde2 Na5 14.Nd5 Nc4 15.Bxc4
Rxc4 16.Bb6 Qe8 17.Nxf6+ Bxf6 18.Nc3 Qb8 19.Qd3 Rfc8 20.a4 Rb4 21.Nd5 Rxb2
22.c4 Bc6 23.Nxf6+ gxf6 24.Be3 b5 25.axb5 axb5 26.Bc1 Rb4 27.Bh6 Kh8 28.
Qg3 Rg8 29.Qh4 Qd8 30.Ra7 bxc4 31.Rxf7 Rb7 32.Rxb7 Bxb7 33.Rb1 Bc8 34.Ra1 
Qe7 35.Ra7 1/2-1/2

[Event "Budapest Statisztika IM"]
[Site "Budapest"]
[Date "1992.??.??"]
[Round "3"]
[White "Kiss, Pal"]
[Black "Higatsberger, Michael"]
[Result "1-0"]
[WhiteElo "2410"]
[BlackElo "2205"]
[EventDate "1992.??.??"]
[PlyCount "73"]

1.d4 Nf6 2.c4 c5 3.d5 e6 4.Nc3 exd5 5.cxd5 d6 6.Nf3 g6 7.Bg5 h6 8.Bh4 a6 
9.a4 Qe7 10.e3 Bg7 11.Nd2 O-O 12.Be2 Nbd7 13.O-O Ne5 14.h3 g5 15.Bg3 Nfd7 
16.Qc2 Rb8 17.Rae1 Ng6 18.Nde4 Be5 19.Bxe5 Qxe5 20.f4 gxf4 21.exf4 Nxf4 
22.Qc1 Nxe2+ 23.Rxe2 f5 24.Nxd6 Qxd6 25.Re6 Qg3 26.Qxh6 Ne5 27.Ne4 Qg7 28.
Qxg7+ Kxg7 29.Rxe5 b6 30.Ng3 Kf6 31.Re2 Rd8 32.Nxf5 Bxf5 33.Re6+ Kg5 34.
Re5 Rf8 35.g4 Kh4 36.Rexf5 Rxf5 37.gxf5 1-0

[Event "Budapest Statisztika IM"]
[Site "Budapest"]
[Date "1992.??.??"]
[Round "3"]
[White "Koerholz, Ludger"]
[Black "Fancsy, Imre"]
[Result "0-1"]
[WhiteElo "2255"]
[BlackElo "2310"]
[EventDate "1992.??.??"]
[PlyCount "70"]

1.c4 e6 2.d4 d5 3.Nc3 Be7 4.Nf3 Nf6 5.Bg5 h6 6.Bxf6 Bxf6 7.e3 O-O 8.cxd5 
exd5 9.Bd3 Be7 10.O-O c6 11.Qc2 Nd7 12.Rab1 a5 13.a3 Bd6 14.b4 Qe7 15.b5 
Bxa3 16.bxc6 bxc6 17.Qa4 Nb8 18.Ne5 Bb4 19.Rfc1 Bb7 20.Qd1 c5 21.Ne2 c4 
22.Bf5 Rd8 23.Ng3 Nc6 24.f4 Nxe5 25.fxe5 Bc6 26.Qf3 a4 27.Bc2 Bd2 28.Rf1 
Ra7 29.Nf5 Qf8 30.Rb6 a3 31.Rxc6 a2 32.Ra1 Bc3 33.Qf1 Bxa1 34.Qxa1 Rb8 35.
Rc5 Rb2 0-1

[Event "Budapest Statisztika IM"]
[Site "Budapest"]
[Date "1992.??.??"]
[Round "3"]
[White "Petran, Pal"]
[Black "Berebora, Ferenc"]
[Result "1/2-1/2"]
[WhiteElo "2470"]
[BlackElo "2330"]
[EventDate "1992.??.??"]
[PlyCount "88"]

1.c4 e5 2.Nc3 Nf6 3.g3 d5 4.cxd5 Nxd5 5.Bg2 Nb6 6.Nf3 Nc6 7.O-O Be7 8.d3 
O-O 9.a3 Re8 10.b4 Bf8 11.Bb2 a5 12.b5 Nd4 13.e3 Nxf3+ 14.Bxf3 Rb8 15.Qc2 
Bf5 16.Rfd1 Qd7 17.a4 Bg4 18.Qe2 Bxf3 19.Qxf3 Qe6 20.Ne2 Nxa4 21.Rxa4 Qb3 
22.Nc3 Qxb2 23.Rc4 Bd6 24.Rb1 Qc2 25.Qd1 Qxd1+ 26.Rxd1 c6 27.bxc6 bxc6 28.
Rxc6 Bb4 29.Nd5 Rec8 30.Rdc1 Rxc6 31.Rxc6 f6 32.Ra6 Rd8 33.e4 Rc8 34.h4 h5
35.f3 Rc2 36.g4 hxg4 37.fxg4 Rd2 38.g5 Rxd3 39.Kg2 fxg5 40.hxg5 Kh7 41.Re6
Bc3 42.Nxc3 Rxc3 43.Rxe5 a4 44.Ra5 a3 1/2-1/2

[Event "Budapest Statisztika IM"]
[Site "Budapest"]
[Date "1992.??.??"]
[Round "3"]
[White "Szell, Lajos"]
[Black "Izsak, Gyula"]
[Result "0-1"]
[WhiteElo "2315"]
[BlackElo "2330"]
[EventDate "1992.??.??"]
[PlyCount "98"]

1.e4 c5 2.Nc3 e6 3.f4 Nc6 4.Nf3 a6 5.d4 cxd4 6.Nxd4 Qc7 7.Nxc6 Qxc6 8.Bd3 
Bb4 9.Bd2 Ne7 10.O-O O-O 11.f5 f6 12.Qh5 d5 13.fxe6 Bxc3 14.Bxc3 dxe4 15.
Bb4 Qxe6 16.Rae1 f5 17.Kh1 Bd7 18.Qg5 Rae8 19.Bc3 Rf7 20.Be2 Bb5 21.Bxb5 
axb5 22.g4 Qg6 23.Qf4 Ref8 24.Rg1 Nd5 25.Qe5 Nxc3 26.bxc3 fxg4 27.Rxe4 h5 
28.Rge1 h4 29.Qd5 Kh7 30.Kg1 h3 31.Re5 Rf5 32.Rxf5 Rxf5 33.Qd3 Rf3 34.
Qxg6+ Kxg6 35.Re4 Kh5 36.Re5+ g5 37.Rxb5 Rxc3 38.Rxb7 Rxc2 39.a4 Rg2+ 40.
Kh1 Ra2 41.Kg1 Rxa4 42.Rb8 Ra1+ 43.Kf2 Ra2+ 44.Kg1 g3 45.hxg3 Rg2+ 46.Kh1 
Rxg3 47.Kh2 Re3 48.Ra8 Kh4 49.Rb8 Re2+ 0-1

[Event "Budapest Statisztika IM"]
[Site "Budapest"]
[Date "1992.??.??"]
[Round "4"]
[White "Berebora, Ferenc"]
[Black "Almasi, Istvan"]
[Result "1-0"]
[WhiteElo "2330"]
[BlackElo "2350"]
[EventDate "1992.??.??"]
[PlyCount "95"]

1.e4 e6 2.d4 d5 3.Nd2 Nf6 4.e5 Nfd7 5.c3 c5 6.Bd3 b6 7.Ne2 cxd4 8.cxd4 Ba6
9.Bxa6 Nxa6 10.O-O Nb4 11.f4 g6 12.Nf3 Rc8 13.Bd2 Nc6 14.g4 h5 15.h3 hxg4 
16.hxg4 Be7 17.Kg2 f5 18.exf6 Nxf6 19.Rh1 Rxh1 20.Qxh1 Nxg4 21.Qh3 Nf6 22.
Ng5 Qd6 23.Nxe6 Ne4 24.Nc5 Rc7 25.Nxe4 dxe4 26.Bc3 Qd5 27.Qg4 Kd8 28.Rh1 
Rd7 29.Rh7 Kc7 30.Qxg6 e3+ 31.Kg3 Rd6 32.Qg4 Qe4 33.f5 Qd3 34.Nf4 Qf1 35.
Qf3 Qg1+ 36.Qg2 Qb1 37.Nd5+ Rxd5 38.Qxd5 e2 39.Rh1 Qc2 40.Qf3 Bd6+ 41.Kg4 
Ne7 42.Re1 Ng8 43.Rxe2 Qc1 44.d5 Nh6+ 45.Kh5 Nf7 46.Kg6 Nd8 47.Bf6 Qg1+ 
48.Rg2 1-0

[Event "Budapest Statisztika IM"]
[Site "Budapest"]
[Date "1992.??.??"]
[Round "4"]
[White "Fancsy, Imre"]
[Black "Hansen, Lars Bo"]
[Result "1-0"]
[WhiteElo "2310"]
[BlackElo "2510"]
[EventDate "1992.??.??"]
[PlyCount "91"]

1.Nf3 g6 2.g3 Bg7 3.d4 Nf6 4.c4 O-O 5.Bg2 d6 6.Nc3 Nbd7 7.O-O c6 8.e4 e5 
9.h3 exd4 10.Nxd4 Qb6 11.Nde2 Ne5 12.b3 Rd8 13.Be3 Qc7 14.Qc2 b6 15.Rad1 
Ne8 16.f4 Nd7 17.Rd2 Bb7 18.Rfd1 h6 19.Bd4 Bf8 20.Bf2 Be7 21.Nd4 a6 22.Nf3
Kh7 23.Be3 Ng7 24.Qd3 Nc5 25.Qf1 Rg8 26.Qf2 Rad8 27.Kh1 Nd7 28.g4 c5 29.f5
g5 30.Nd5 Bxd5 31.Rxd5 Nf6 32.R5d3 Nxe4 33.Nxg5+ hxg5 34.Bxe4 f6 35.Bd5 
Rh8 36.Bc1 Ne8 37.Re1 Bf8 38.Rde3 Qd7 39.Bb2 Kg7 40.Qf3 Nc7 41.Bxf6+ Kxf6 
42.Re6+ Kg7 43.f6+ Kh6 44.f7+ Nxe6 45.Qf6+ Kh7 46.Be4# 1-0

[Event "Budapest Statisztika IM"]
[Site "Budapest"]
[Date "1992.??.??"]
[Round "4"]
[White "Higatsberger, Michael"]
[Black "Foldi, Istvan"]
[Result "1/2-1/2"]
[WhiteElo "2205"]
[BlackElo "2325"]
[EventDate "1992.??.??"]
[PlyCount "71"]

1.c4 Nf6 2.Nc3 g6 3.g3 Bg7 4.Bg2 O-O 5.e4 d6 6.Nge2 c5 7.O-O Nc6 8.Rb1 Bd7
9.d3 Rb8 10.b3 a6 11.Nd5 Nxd5 12.exd5 Nd4 13.Nxd4 Bxd4 14.Bb2 Bxb2 15.Rxb2
e5 16.dxe6 Bxe6 17.d4 Qf6 18.Rd2 b5 19.dxc5 dxc5 20.Bd5 bxc4 21.bxc4 Bh3 
22.Re1 Rfe8 23.Rde2 Rxe2 24.Qxe2 Kg7 25.Qe3 Rb2 26.a3 Qd4 27.Qf3 f5 28.
Re7+ Kf6 29.Re6+ Kg7 30.Re7+ Kh6 31.Qe3+ f4 32.Rxh7+ Kxh7 33.Qe7+ Kh6 34.
Qh4+ Kg7 35.Qe7+ Kh6 36.Qh4+ 1/2-1/2

[Event "Budapest Statisztika IM"]
[Site "Budapest"]
[Date "1992.??.??"]
[Round "4"]
[White "Hohler, Peter"]
[Black "Petran, Pal"]
[Result "0-1"]
[WhiteElo "2295"]
[BlackElo "2470"]
[EventDate "1992.??.??"]
[PlyCount "88"]

1.c4 c5 2.Nc3 Nc6 3.Nf3 Nd4 4.Ng1 Nf6 5.e3 Nc6 6.Nf3 e6 7.d4 d5 8.cxd5 
exd5 9.Be2 Bd6 10.O-O O-O 11.dxc5 Bxc5 12.a3 Be6 13.b4 Bd6 14.Bb2 Rc8 15.
Rc1 Qe7 16.Nb5 Bb8 17.Nbd4 Ne5 18.Nxe5 Bxe5 19.Rxc8 Rxc8 20.Qa1 Ne4 21.
Nxe6 Bxb2 22.Qxb2 fxe6 23.Rc1 Rc7 24.Rc2 b6 25.Bd3 Nd6 26.Rxc7 Qxc7 27.Qc2
Qxc2 28.Bxc2 Nc4 29.a4 Kf7 30.Kf1 a5 31.bxa5 bxa5 32.Ke2 h6 33.Kd3 Ke7 34.
Kd4 Kd6 35.f4 e5+ 36.fxe5+ Nxe5 37.e4 Nc6+ 38.Ke3 d4+ 39.Kf4 Ne5 40.Bd1 
Ke6 41.Bb3+ Kf6 42.Bc2 g5+ 43.Kg3 Nc4 44.Bb1 Nb2 0-1

[Event "Budapest Statisztika IM"]
[Site "Budapest"]
[Date "1992.??.??"]
[Round "4"]
[White "Kiss, Pal"]
[Black "Szell, Lajos"]
[Result "1/2-1/2"]
[WhiteElo "2410"]
[BlackElo "2315"]
[EventDate "1992.??.??"]
[PlyCount "91"]

1.d4 Nf6 2.c4 g6 3.Nc3 Bg7 4.e4 d6 5.Nf3 O-O 6.Be2 c5 7.O-O Nc6 8.d5 Na5 
9.Bd2 e5 10.a3 b6 11.b4 Nb7 12.Ne1 Qe7 13.Nd3 Bd7 14.Rb1 Be8 15.bxc5 dxc5 
16.f3 Nh5 17.Qc1 f5 18.Nf2 Nf4 19.Bd1 Nd6 20.Nb5 Bxb5 21.cxb5 Rf7 22.Re1 
fxe4 23.Bxf4 exf4 24.Nxe4 Bd4+ 25.Kh1 Qh4 26.Bb3 Rf5 27.h3 Rd8 28.Nxd6 
Rxd6 29.Re8+ Rf8 30.Qe1 Qxe1+ 31.Rbxe1 Be3 32.Re7 Rf7 33.Re8+ Kg7 34.Bc4 
Rfd7 35.g4 Kf6 36.Rd1 Re7 37.g5+ Kf7 38.Rxe7+ Kxe7 39.Kg2 Rd8 40.h4 Kd6 
41.Kh3 Ke5 42.Kg4 Rd6 43.a4 Bd4 44.Re1+ Be3 45.Rd1 Bd4 46.Re1+ 1/2-1/2

[Event "Budapest Statisztika IM"]
[Site "Budapest"]
[Date "1992.??.??"]
[Round "5"]
[White "Almasi, Istvan"]
[Black "Hohler, Peter"]
[Result "1-0"]
[WhiteElo "2350"]
[BlackElo "2295"]
[EventDate "1992.??.??"]
[PlyCount "67"]

1.e4 e5 2.Nf3 Nc6 3.Bc4 Bc5 4.c3 Nf6 5.d3 d6 6.O-O O-O 7.Bb3 h6 8.Nbd2 a6 
9.Re1 Ba7 10.Nc4 Ne7 11.Be3 Bxe3 12.Nxe3 Ng4 13.Nf1 Ng6 14.h3 Nf6 15.Ng3 
Kh7 16.d4 Qe8 17.Bc2 Nf4 18.Qd2 g6 19.Rad1 Rg8 20.c4 Qe7 21.c5 Re8 22.Qa5 
Rb8 23.cxd6 cxd6 24.dxe5 dxe5 25.Qb6 Bd7 26.Rd6 Bc6 27.Red1 Rbc8 28.Qb3 
Nd7 29.Qe3 Kg7 30.Bb3 Rc7 31.h4 Nf6 32.Nd4 exd4 33.Qxf4 Nxe4 34.Nf5+ 1-0

[Event "Budapest Statisztika IM"]
[Site "Budapest"]
[Date "1992.??.??"]
[Round "5"]
[White "Hansen, Lars Bo"]
[Black "Izsak, Gyula"]
[Result "1/2-1/2"]
[WhiteElo "2510"]
[BlackElo "2330"]
[EventDate "1992.??.??"]
[PlyCount "23"]

1.e4 c5 2.Nf3 e6 3.d4 cxd4 4.Nxd4 a6 5.Bd3 Nc6 6.Nxc6 bxc6 7.O-O d5 8.c4 
Nf6 9.Nc3 Bb7 10.cxd5 cxd5 11.exd5 Nxd5 12.Qa4+ 1/2-1/2

[Event "Budapest Statisztika IM"]
[Site "Budapest"]
[Date "1992.??.??"]
[Round "5"]
[White "Koerholz, Ludger"]
[Black "Kiss, Pal"]
[Result "0-1"]
[WhiteElo "2255"]
[BlackElo "2410"]
[EventDate "1992.??.??"]
[PlyCount "74"]

1.d4 d5 2.c4 c6 3.Nc3 Nf6 4.Bg5 dxc4 5.e4 b5 6.e5 Nd5 7.a4 h6 8.Bh4 Nxc3 
9.bxc3 Be6 10.Be2 Qd7 11.f4 Bd5 12.Nf3 e6 13.O-O Be7 14.Bxe7 Qxe7 15.Nd2 
Nd7 16.axb5 cxb5 17.Ra5 a6 18.Qa1 O-O 19.Bf3 Nb6 20.Rxa6 Qb7 21.Rxa8 Rxa8 
22.Qb1 Qd7 23.Ne4 Bxe4 24.Bxe4 Ra3 25.Qb4 Ra4 26.Qc5 Nd5 27.f5 Nxc3 28.
fxe6 Qxe6 29.Bc2 Ra2 30.d5 Nxd5 31.Bb1 Rb2 32.Qa3 Rxb1 33.Rxb1 Qxe5 34.Qc5
Qe4 35.Qxb5 Nf4 36.Qb2 c3 37.Qa2 c2 0-1

[Event "Budapest Statisztika IM"]
[Site "Budapest"]
[Date "1992.??.??"]
[Round "5"]
[White "Petran, Pal"]
[Black "Fancsy, Imre"]
[Result "1-0"]
[WhiteElo "2470"]
[BlackElo "2310"]
[EventDate "1992.??.??"]
[PlyCount "106"]

1.d4 d5 2.c4 e6 3.Nc3 Be7 4.Nf3 Nf6 5.Bg5 h6 6.Bh4 O-O 7.e3 b6 8.Bd3 Bb7 
9.O-O Nbd7 10.Qe2 c5 11.Rfd1 Ne4 12.Bg3 Nxg3 13.hxg3 cxd4 14.exd4 Nf6 15.
Rac1 dxc4 16.Bxc4 Nd5 17.Bd3 Nxc3 18.bxc3 Rc8 19.c4 Bf6 20.Be4 Qc7 21.Bxb7
Qxb7 22.Qd3 Rfd8 23.Qb1 Rc7 24.c5 Rdc8 25.cxb6 axb6 26.Rxc7 Rxc7 27.Rc1 
Rd7 28.Rc4 g6 29.a4 Qa7 30.Qb5 Kh7 31.Rb4 Rd6 32.Qe8 Kg7 33.Qb5 Qc7 34.Rc4
Qd8 35.Qb4 Qd7 36.Qc3 Rd5 37.Qb4 Rd6 38.Qc3 g5 39.g4 Rd5 40.g3 Rd6 41.Qb4 
Qd8 42.Kg2 Qd7 43.Qb5 Qb7 44.a5 h5 45.a6 Qa8 46.d5 exd5 47.Rc7 hxg4 48.Nd2
Qh8 49.Nf1 Qh3+ 50.Kg1 Rd8 51.Ne3 Rh8 52.Qxd5 Qh2+ 53.Kf1 Qh1+ 1-0

[Event "Budapest Statisztika IM"]
[Site "Budapest"]
[Date "1992.??.??"]
[Round "5"]
[White "Szell, Lajos"]
[Black "Higatsberger, Michael"]
[Result "1/2-1/2"]
[WhiteElo "2315"]
[BlackElo "2205"]
[EventDate "1992.??.??"]
[PlyCount "63"]

1.e4 c5 2.Nc3 Nc6 3.f4 g6 4.Nf3 Bg7 5.Bb5 Nd4 6.O-O Nxb5 7.Nxb5 d6 8.d3 
Bd7 9.Nc3 e6 10.Qe1 Ne7 11.Qg3 d5 12.f5 exf5 13.Nxd5 Nxd5 14.exd5 O-O 15.
Bf4 Qb6 16.c4 Rfe8 17.Be5 Bxe5 18.Nxe5 Qd6 19.Rae1 f6 20.Nxd7 Qxd7 21.Rf3 
Rxe1+ 22.Qxe1 Re8 23.Re3 Kf7 24.h3 Rxe3 25.Qxe3 Qe7 26.Qf2 b6 27.d4 cxd4 
28.Qxd4 Qe1+ 29.Kh2 Qe5+ 30.Qxe5 fxe5 31.b4 f4 32.c5 1/2-1/2

[Event "Budapest Statisztika IM"]
[Site "Budapest"]
[Date "1992.??.??"]
[Round "6"]
[White "Higatsberger, Michael"]
[Black "Berebora, Ferenc"]
[Result "0-1"]
[WhiteElo "2205"]
[BlackElo "2330"]
[EventDate "1992.??.??"]
[PlyCount "50"]

1.c4 c5 2.Nc3 Nc6 3.g3 g6 4.Bg2 Bg7 5.Rb1 e6 6.a3 Nge7 7.b4 cxb4 8.axb4 d5
9.c5 a6 10.Nf3 e5 11.b5 axb5 12.Nxb5 O-O 13.Bb2 Bf5 14.Ra1 Ra5 15.Qb3 Bc2 
16.Qxc2 Rxb5 17.Ra4 b6 18.cxb6 Qxb6 19.Bc1 e4 20.Ng5 Rc5 21.Qd1 Nd4 22.
Rxd4 Bxd4 23.O-O Ra8 24.e3 Bf6 25.d4 Rxc1 0-1

[Event "Budapest Statisztika IM"]
[Site "Budapest"]
[Date "1992.??.??"]
[Round "6"]
[White "Hohler, Peter"]
[Black "Foldi, Istvan"]
[Result "1/2-1/2"]
[WhiteElo "2295"]
[BlackElo "2325"]
[EventDate "1992.??.??"]
[PlyCount "46"]

1.c4 Nf6 2.Nc3 d5 3.cxd5 Nxd5 4.g3 e5 5.Bg2 Nb6 6.d3 Be7 7.f4 exf4 8.Bxf4 
O-O 9.Nf3 Nc6 10.O-O Be6 11.Be3 Nb4 12.Bf2 c5 13.a3 N4d5 14.Nxd5 Nxd5 15.
d4 cxd4 16.Nxd4 Bc5 17.Nxe6 Bxf2+ 18.Rxf2 fxe6 19.Rxf8+ Qxf8 20.Qd4 Qf6 
21.Rd1 Qxd4+ 22.Rxd4 Re8 23.Bxd5 exd5 1/2-1/2

[Event "Budapest Statisztika IM"]
[Site "Budapest"]
[Date "1992.??.??"]
[Round "6"]
[White "Szell, Lajos"]
[Black "Koerholz, Ludger"]
[Result "0-1"]
[WhiteElo "2315"]
[BlackElo "2255"]
[EventDate "1992.??.??"]
[PlyCount "84"]

1.e4 c5 2.Nc3 e6 3.f4 d5 4.Bb5+ Bd7 5.Bxd7+ Qxd7 6.d3 Nc6 7.Nf3 Nge7 8.O-O
g6 9.Bd2 Bg7 10.Be1 O-O 11.Bh4 Rab8 12.Qe1 Nd4 13.Qf2 Nec6 14.Nd1 Nxf3+ 
15.Qxf3 Nd4 16.Qf2 f5 17.c3 fxe4 18.dxe4 Rxf4 19.Qxf4 Ne2+ 20.Kh1 Nxf4 21.
Rxf4 e5 22.Rf1 Qg4 23.Bf2 Qxe4 24.Re1 Qc4 25.Ne3 Qf4 26.Bg3 Qe4 27.Rad1 d4
28.Nc4 Qd5 29.Nxe5 Bxe5 30.Rxe5 Qxa2 31.Rxc5 Rd8 32.cxd4 Qa4 33.b3 Qxb3 
34.Rcc1 Qd5 35.Be5 Rf8 36.Rc7 Rf2 37.Rg1 h5 38.Rg7+ Kf8 39.Rxg6 a5 40.Rc1 
Qc4 41.Rg1 a4 42.h3 a3 0-1

[Event "Budapest Statisztika IM"]
[Site "Budapest"]
[Date "1992.??.??"]
[Round "7"]
[White "Almasi, Istvan"]
[Black "Izsak, Gyula"]
[Result "0-1"]
[WhiteElo "2350"]
[BlackElo "2330"]
[EventDate "1992.??.??"]
[PlyCount "66"]

1.d4 d5 2.c4 c6 3.Nc3 Nf6 4.Bg5 e6 5.cxd5 cxd5 6.e3 Nc6 7.Bd3 h6 8.Bxf6 
Qxf6 9.Nf3 Bd6 10.Rc1 O-O 11.O-O Bd7 12.a3 Qe7 13.b4 Rac8 14.Bb1 Nb8 15.
Qd3 f5 16.Rc2 Rc7 17.Rfc1 Rfc8 18.Ne5 a5 19.f4 axb4 20.axb4 Na6 21.Na2 
Bxe5 22.fxe5 Rxc2 23.Rxc2 Rxc2 24.Bxc2 Nxb4 25.Qa3 Nc6 26.Qa8+ Nd8 27.Nc1 
Bb5 28.Nb3 Qg5 29.Kh1 Bf1 30.g3 Qxe3 31.Qxd8+ Kh7 32.Bxf5+ exf5 33.Qxd5 
Bh3 0-1

[Event "Budapest Statisztika IM"]
[Site "Budapest"]
[Date "1992.??.??"]
[Round "7"]
[White "Berebora, Ferenc"]
[Black "Hohler, Peter"]
[Result "1/2-1/2"]
[WhiteElo "2330"]
[BlackElo "2295"]
[EventDate "1992.??.??"]
[PlyCount "84"]

1.e4 e5 2.Nf3 Nc6 3.Nc3 Nf6 4.d4 exd4 5.Nxd4 Bb4 6.Nxc6 bxc6 7.Bd3 d5 8.
exd5 Qe7+ 9.Qe2 Qxe2+ 10.Kxe2 Nxd5 11.Nxd5 cxd5 12.Bb5+ Bd7 13.Bxd7+ Kxd7 
14.Rd1 Ke6 15.Be3 a6 16.c4 dxc4 17.Rd4 Bd6 18.Rxc4 Rhb8 19.b3 Rb5 20.Ra4 
Rb4 21.Rxb4 Bxb4 22.Rc1 Kd7 23.Rc4 Bd6 24.Kd3 g6 25.h3 Kc8 26.Bf4 Kd7 27.
Bxd6 Kxd6 28.g4 h6 29.Rd4+ Ke6 30.Kc4 Rf8 31.Re4+ Kd6 32.Rf4 f5 33.gxf5 
Ke5 34.Rh4 Rxf5 35.Rxh6 Rxf2 36.a4 Rg2 37.Kb4 Rg3 38.h4 Kd5 39.h5 gxh5 40.
Rxh5+ Kc6 41.Rh6+ Kb7 42.a5 Rg4+ 1/2-1/2

[Event "Budapest Statisztika IM"]
[Site "Budapest"]
[Date "1992.??.??"]
[Round "7"]
[White "Koerholz, Ludger"]
[Black "Higatsberger, Michael"]
[Result "1-0"]
[WhiteElo "2255"]
[BlackElo "2205"]
[EventDate "1992.??.??"]
[PlyCount "67"]

1.d4 Nf6 2.c4 c5 3.d5 e6 4.Nc3 exd5 5.cxd5 d6 6.e4 g6 7.f4 Bg7 8.Bb5+ Nfd7
9.Nf3 O-O 10.O-O a6 11.Bd3 b5 12.Kh1 c4 13.Bc2 Nc5 14.f5 Nbd7 15.Bg5 f6 
16.Be3 b4 17.Ne2 Re8 18.Ned4 gxf5 19.Ne6 Nxe6 20.dxe6 Ne5 21.exf5 Bb7 22.
Nxe5 dxe5 23.Qg4 Qc7 24.Ba4 Red8 25.Rac1 Bd5 26.b3 Qb7 27.bxc4 Bc6 28.Bxc6
Qxc6 29.Rfd1 Kh8 30.Rxd8+ Rxd8 31.Rd1 Rg8 32.Rd7 Bh6 33.Qh3 Qe4 34.Rxh7+ 
1-0

[Event "Budapest Statisztika IM"]
[Site "Budapest"]
[Date "1992.??.??"]
[Round "8"]
[White "Fancsy, Imre"]
[Black "Berebora, Ferenc"]
[Result "0-1"]
[WhiteElo "2310"]
[BlackElo "2330"]
[EventDate "1992.??.??"]
[PlyCount "106"]

1.Nf3 c5 2.c4 Nc6 3.g3 g6 4.Bg2 Bg7 5.Nc3 e6 6.d4 cxd4 7.Nb5 d5 8.cxd5 
Qa5+ 9.Qd2 Qxb5 10.dxc6 Qxc6 11.O-O Qd6 12.Qa5 Ne7 13.Bf4 Qb6 14.Qa3 Nc6 
15.Nd2 Bf8 16.Qa4 Bd7 17.Nc4 Qb4 18.Qc2 f6 19.Bd6 Bxd6 20.a3 Qc5 21.b4 
Nxb4 22.axb4 Qc7 23.Bxb7 Rb8 24.Nxd6+ Qxd6 25.Ra6 Qe5 26.Rxa7 O-O 27.Qc5 
Bb5 28.Bf3 Qxc5 29.bxc5 Rfc8 30.Rb1 Rxc5 31.Ra5 f5 32.Bg2 Kg7 33.Bf1 Kf6 
34.e3 Bxf1 35.Rxb8 Rxa5 36.Kxf1 dxe3 37.fxe3 Ra2 38.Kg1 h5 39.h4 Re2 40.
Rb3 g5 41.Kf1 Ra2 42.hxg5+ Kxg5 43.Rb4 e5 44.Rh4 Rb2 45.Rc4 e4 46.Rc8 Kg4 
47.Rf8 Kxg3 48.Rxf5 h4 49.Rg5+ Kf3 50.Kg1 Kxe3 51.Rg4 Kf3 52.Rxh4 Rb1+ 53.
Kh2 e3 0-1

[Event "Budapest Statisztika IM"]
[Site "Budapest"]
[Date "1992.??.??"]
[Round "8"]
[White "Higatsberger, Michael"]
[Black "Hohler, Peter"]
[Result "1-0"]
[WhiteElo "2205"]
[BlackElo "2295"]
[EventDate "1992.??.??"]
[PlyCount "59"]

1.e4 e5 2.Nf3 Nc6 3.d4 exd4 4.Nxd4 Nf6 5.Nxc6 bxc6 6.Bd3 d6 7.O-O Be7 8.f4
O-O 9.Nd2 Nd7 10.Nb3 Bf6 11.Na5 Nc5 12.Nxc6 Qe8 13.e5 Nxd3 14.exf6 Qxc6 
15.cxd3 gxf6 16.Bd2 f5 17.Bc3 Qb6+ 18.Kh1 d5 19.Qe1 d4 20.Ba5 Qa6 21.Bb4 
Rd8 22.Rf3 Qe6 23.Qh4 Bb7 24.Rg3+ Kh8 25.Be7 Rd6 26.Bxd6 cxd6 27.Qg5 Qg6 
28.Qe7 Qe6 29.Qxb7 Re8 30.h3 1-0

[Event "Budapest Statisztika IM"]
[Site "Budapest"]
[Date "1992.??.??"]
[Round "8"]
[White "Izsak, Gyula"]
[Black "Foldi, Istvan"]
[Result "1/2-1/2"]
[WhiteElo "2330"]
[BlackElo "2325"]
[EventDate "1992.??.??"]
[PlyCount "58"]

1.d4 Nf6 2.c4 g6 3.Nf3 Bg7 4.g3 O-O 5.Bg2 c6 6.O-O d5 7.cxd5 cxd5 8.Nc3 
Ne4 9.Qb3 Nxc3 10.Qxc3 Nc6 11.Rd1 Bf5 12.Bf4 Rc8 13.Qd2 Re8 14.Rac1 Be4 
15.Ne5 Nxe5 16.Bxe5 Bxg2 17.Bxg7 Kxg7 18.Rxc8 Qxc8 19.Kxg2 Qe6 20.Rc1 Rc8 
21.e3 Rxc1 22.Qxc1 Qe4+ 23.Kg1 e6 24.b3 h5 25.h4 b6 26.a4 a5 27.Qc3 Qb1+ 
28.Kg2 Qe4+ 29.Kg1 Qb1+ 1/2-1/2

[Event "Budapest Statisztika IM"]
[Site "Budapest"]
[Date "1992.??.??"]
[Round "8"]
[White "Kiss, Pal"]
[Black "Almasi, Istvan"]
[Result "1/2-1/2"]
[WhiteElo "2410"]
[BlackElo "2350"]
[EventDate "1992.??.??"]
[PlyCount "98"]

1.d4 e6 2.c4 d5 3.Nc3 Nf6 4.cxd5 exd5 5.Bg5 c6 6.Qc2 Be7 7.e3 Be6 8.Bd3 
Nbd7 9.Nge2 Nh5 10.Bxe7 Qxe7 11.Ng3 Nhf6 12.O-O O-O 13.Rab1 a5 14.Na4 b5 
15.Nc5 Nxc5 16.dxc5 g6 17.Ne2 Nd7 18.Rbc1 Ne5 19.Nd4 Bd7 20.b3 Ng4 21.Qd2 
f5 22.h3 Ne5 23.f4 Nf7 24.Rf3 Rfe8 25.Kh2 Qf6 26.a3 Re7 27.Re1 Nd8 28.Rg3 
Kh8 29.Rf3 Ne6 30.Nxe6 Rxe6 31.Re2 a4 32.b4 Rae8 33.Rf1 Kg8 34.Rfe1 R8e7 
35.Qc1 Be8 36.Qc2 Bf7 37.Qd2 Re8 38.Bb1 R6e7 39.Rd1 d4 40.Qxd4 Qxd4 41.
Rxd4 Rxe3 42.Rxe3 Rxe3 43.Bd3 Kf8 44.g4 fxg4 45.hxg4 Re1 46.Be4 Be8 47.g5 
Re3 48.Bd3 Bf7 49.Be4 Be8 1/2-1/2

[Event "Budapest Statisztika IM"]
[Site "Budapest"]
[Date "1992.??.??"]
[Round "8"]
[White "Koerholz, Ludger"]
[Black "Hansen, Lars Bo"]
[Result "1-0"]
[WhiteElo "2255"]
[BlackElo "2510"]
[EventDate "1992.??.??"]
[PlyCount "43"]

1.d4 e6 2.c4 d5 3.Nc3 c6 4.Nf3 f5 5.Bg5 Nf6 6.e3 Be7 7.Bd3 O-O 8.O-O Bd7 
9.Ne5 Be8 10.Ne2 Ne4 11.Bxe7 Qxe7 12.f3 Nf6 13.Qb3 b6 14.cxd5 cxd5 15.Rac1
Nfd7 16.Rc8 Nxe5 17.dxe5 Qb7 18.Rc3 Nc6 19.Rfc1 Rc8 20.Qa3 Rd8 21.Nf4 Kf7 
22.Nxe6 1-0

[Event "Budapest Statisztika IM"]
[Site "Budapest"]
[Date "1992.??.??"]
[Round "8"]
[White "Szell, Lajos"]
[Black "Petran, Pal"]
[Result "1/2-1/2"]
[WhiteElo "2315"]
[BlackElo "2470"]
[EventDate "1992.??.??"]
[PlyCount "64"]

1.e4 e5 2.Nf3 Nc6 3.d4 exd4 4.Bc4 Nf6 5.e5 d5 6.Bb5 Ne4 7.Nxd4 Bc5 8.Be3 
Bxd4 9.Qxd4 O-O 10.Bxc6 bxc6 11.Nc3 Ng5 12.O-O-O Ne6 13.Qd2 f6 14.exf6 
Qxf6 15.f3 Rd8 16.Bd4 Qf8 17.Be5 Rb8 18.Ne2 Qf5 19.f4 Qf7 20.Nd4 Nxd4 21.
Qxd4 Bf5 22.a3 a6 23.g4 Be4 24.Rhe1 Re8 25.Qa7 Ra8 26.Qxc7 Qxc7 27.Bxc7 
Bf3 28.Rxe8+ Rxe8 29.Rd3 Re1+ 30.Kd2 Re2+ 31.Kc3 Bxg4 32.Rd2 Rxd2 1/2-1/2